Psychological testing and assessment / (Record no. 19707)

MARC details
000 -LEADER
fixed length control field 00808cam a2200265 a 4500
001 - CONTROL NUMBER
control field 12875920
003 - CONTROL NUMBER IDENTIFIER
control field OSt
005 - DATE AND TIME OF LATEST TRANSACTION
control field 20221027101510.0
008 - FIXED-LENGTH DATA ELEMENTS--GENERAL INFORMATION
fixed length control field 020730s2003 maua b 001 0 eng
010 ## - LIBRARY OF CONGRESS CONTROL NUMBER
LC control number 2002284918
020 ## - INTERNATIONAL STANDARD BOOK NUMBER
International Standard Book Number 8131728116
040 ## - CATALOGING SOURCE
Original cataloging agency DLC
Transcribing agency DLC
Modifying agency DLC
050 00 - LIBRARY OF CONGRESS CALL NUMBER
Classification number BF176
Item number .A48 2006
082 00 - DEWEY DECIMAL CLASSIFICATION NUMBER
Classification number 150/.28/7
Edition number 21
100 1# - MAIN ENTRY--PERSONAL NAME
Personal name Aiken, Lewis R.,
Dates associated with a name 1931-
245 10 - TITLE STATEMENT
Title Psychological testing and assessment /
Statement of responsibility, etc. Lewis R. Aiken.
250 ## - EDITION STATEMENT
Edition statement 12th ed.
260 ## - PUBLICATION, DISTRIBUTION, ETC. (IMPRINT)
Place of publication, distribution, etc. Boston :
Name of publisher, distributor, etc. Allyn and Bacon,
Date of publication, distribution, etc. 2006
300 ## - PHYSICAL DESCRIPTION
Extent xv, 535 p. :
504 ## - BIBLIOGRAPHY, ETC. NOTE
Bibliography, etc Includes bibliographical references (p. 482-507) and indexes.
650 #0 - SUBJECT ADDED ENTRY--TOPICAL TERM
Topical term or geographic name as entry element Psychological tests.
906 ## - LOCAL DATA ELEMENT F, LDF (RLIN)
a 7
b cbc
c origcop
d 2
e ncip
f 20
g y-gencatlg
942 ## - ADDED ENTRY ELEMENTS (KOHA)
Source of classification or shelving scheme Library of Congress Classification
Koha item type General Collection
Holdings
Withdrawn status Lost status Source of classification or shelving scheme Not for loan Home library Current library Date acquired Cost, normal purchase price Total Checkouts Full call number Barcode Date last seen Price effective from Koha item type
    Library of Congress Classification   Kabarak, Main Campus Kabarak, Main Campus 27/10/2022 5815.00   BF176 .A48 2006 c.1 032563 02/08/2024 27/10/2022 General Collection
Designed with assistance from East African Informatics Ltd